| 000 | 00597nam a2200181Ia 4500 | ||
|---|---|---|---|
| 008 | 210719s2009 xx 000 0 und d | ||
| 020 | _a81-316-0224-9 | ||
| 041 | _aeng | ||
| 082 | _a361.614 SHIF | ||
| 100 | _aSHIRWADKAR (Swati) Ed | ||
| 245 | _aFamily violence in India : human rights issues actions and international comparisons | ||
| 260 |
_aJaipur _bRawat Publications _c2009 |
||
| 300 |
_axii,484 _bHB |
||
| 365 |
_b995 _cRs |
||
| 650 | _aPublic Action | ||
| 650 | _aPublic Action | ||
| 906 | _ahuman ; actions ; comparisons ; Family ; India ; international ; issues ; rights ; violence | ||
| 999 |
_c215873 _d215873 |
||